| 000 | 00589nam a2200205 a 4500 | ||
|---|---|---|---|
| 003 | SISC | ||
| 005 | 20170308151932.0 | ||
| 008 | 111028s19uu xx 00 eng d | ||
| 020 | _a9789380199320 | ||
| 050 |
_aHF 5429 _b.B575 2011 |
||
| 100 | _aBhalla, A.K. | ||
| 245 |
_aRetail management / _cA.K. Bhalla. |
||
| 250 | _a2011 Edition. | ||
| 260 |
_aNew Delhi : _bWisdom Press, _c2011. |
||
| 300 |
_a282 pages : _billustrations ; _c24 cm. |
||
| 500 | _aIncludes bibliographical references and index. | ||
| 650 |
_aRetail trade _xManagement. |
||
| 942 |
_cBK _2lcc _kFOR |
||
| 999 |
_c24833 _d24833 |
||